000 00265nam a2200097Ia 4500
001 1300512
005 20260420095905.0
008 260420s9999 xx 000 0 und d
245 0 _aKÜL KEDİSİ SİNDİRELLA
_cŞEBNEM GÜVENÇER
260 _bTİMAŞ ÇOCUK YAYINLARI
999 _c1300512
_d1300512